Evolution : die Geschichte ihrer Probleme und Erkenntnisse /

Bibliographic Details
Main Author: Zimmermann, Walter, 1892-
Format: Book
Language:German
Published: Freiburg : K. Alber, 1953.
Series:Orbis academicus ; Bd. 2/3.
Subjects:

MARC

Tag First Indicator Second Indicator Subfields
LEADER 00000cam a2200000Ia 4500
001 in00000045374
005 20151007071227.0
008 770311s1953 gw af b 001 0 ger
010 |a  54017372  
016 7 |a 05221570R  |2 DNLM 
019 |a 14664341 
029 1 |a NLM  |b 05221570R 
035 |a (OCoLC)ocm02794569 
035 |a (OCoLC)02794569 
035 |9 AAE5561AM 
040 |a DLC  |c CLU  |d SER  |d OCL  |d NLM  |d YAM  |d TXA  |d UtOrBLW 
049 |a TXAM 
050 0 0 |a QH361  |b .Z5 1953 
060 0 0 |a QH 366  |b Z76e 1953 
082 0 |a 575.01 
092 |a 575.01  |i Z76e 
100 1 |a Zimmermann, Walter,  |d 1892- 
245 1 0 |a Evolution :  |b die Geschichte ihrer Probleme und Erkenntnisse /  |c von Walter Zimmermann. 
264 1 |a Freiburg :  |b K. Alber,  |c 1953. 
300 |a ix, 623 pages, 8 unnumbered pages of plates :  |b illustrations ;  |c 23 cm. 
336 |a text  |b txt  |2 rdacontent 
337 |a unmediated  |b n  |2 rdamedia 
338 |a volume  |b nc  |2 rdacarrier 
490 1 |a Orbis academicus : Problemgeschichten der Wissenschaft in Dokumenten und Darstellungen ;  |v Bd. II/3 
500 |a "Naturwissenschaftliche Abteilung hrsg. von Fritz Gessner." 
504 |a Bibliography: pages 580-606. 
500 |a Includes indexes. 
650 0 |a Evolution  |x History. 
650 2 |a Biological Evolution  |x history. 
830 0 |a Orbis academicus ;  |v Bd. 2/3. 
949 |a updated  |b h  |c 2006/1/30  |e fpiscitelli  |f 12:11:36 pm 
994 |a C0  |b TXA 
999 |a MARS 
999 f f |s 00d8f54f-993d-351a-84cf-3f0d8f73911d  |i 07e714c5-ed86-3121-beb3-71260469f016  |t 0 
952 f f |p ric  |a Texas A&M University  |b Rellis Campus  |c Joint Library Facility  |d Remote Storage  |t 0  |e QH361 .Z5 1953  |h Library of Congress classification  |i unmediated -- volume  |m A14800977856 
998 f f |a QH361 .Z5 1953  |t 0  |l Remote Storage